Sustainability as a tool for increasing competitiveness

Udržateľnosť ako priorita. Prehľad najúspešnejších medzinárodných spoločností využívajúcich udržateľný rozvoj podľa indexu Dow Jones. Stratégie udržateľnosti rozvoja na zabezpečenie konkurencieschopnosti.

Guardado en:
Detalles Bibliográficos
Autor principal: Štefaňák, Peter
Formato: Capítulo de libro
Lenguaje:inglés
Materias:
Etiquetas: Agregar Etiqueta
Sin Etiquetas, Sea el primero en etiquetar este registro!

MARC

LEADER 00000naa a2200000 4500
001 0145784
005 20240524065321.2
041 0 |a eng 
044 |a SK 
245 1 0 |a Sustainability as a tool for increasing competitiveness  |c Peter Štefaňák 
520 |a Udržateľnosť ako priorita. Prehľad najúspešnejších medzinárodných spoločností využívajúcich udržateľný rozvoj podľa indexu Dow Jones. Stratégie udržateľnosti rozvoja na zabezpečenie konkurencieschopnosti. 
610 2 0 |a rozvoj trvalo udržateľný 
610 2 0 |a indexy 
610 2 0 |a konkurencieschopnosť 
610 2 0 |a stratégia podnikateľská 
100 1 |a Štefaňák, Peter